00301nam a2200121Ia 45000030006000000080041000060400015000471000060000622450019001222600009001415460012001500050017001620STCL150530s9999 xx 000 0 und d aSTCLcSTCL aDevelopments Reconstruction Plans; Government of Madras aCommunications c1920 aEnglish20220125165525.0